| 000 | 00768nam a2200229 i 4500 | ||
|---|---|---|---|
| 001 | 105472 | ||
| 003 | ES-MaACL | ||
| 005 | 20250415213550.0 | ||
| 007 | t| | ||
| 008 | 060719s1976 fr ||||1| fre d | ||
| 080 | _a1 Lukács, György | ||
| 100 | 1 |
_aLowy, Michael. _974396 |
|
| 245 | 1 | 0 |
_aPour une sociologie des intellectuels révolutionnaires _b: l'évolution politique de Lukacs 1909-1929 / _cMichael Löwy. |
| 260 |
_aParis : _bPresses Universitaires de France, _c[1976] |
||
| 300 |
_a319 p. ; _c22 cm. |
||
| 490 | 1 | _aSociologie d'aujourd'hui | |
| 500 | _aBiblioteca Juan Andrade. | ||
| 600 | 1 | 4 |
_aLukács, György, _d1885-1971 _974718 |
| 830 | 0 |
_aSociologie d'aujourd'hui _9185044 |
|
| 852 |
_aES-MaACL _jAND-269 _bR.109586 |
||
| 999 |
_c105472 _d105472 |
||